Il mitico palcoscenico : atti della Giornata internazionale di studi sul teatro di Marguerite Yourcenar : Verona, 29 aprile 1990 /

সংরক্ষণ করুন:
গ্রন্থ-পঞ্জীর বিবরন
সংস্থা লেখক: Giornata internazionale di studi sul teatro di Marguerite Yourcenar : Verona
অন্যান্য লেখক: Yourcenar, Marguerite, Primozich, Loredana
বিন্যাস: কনফারেন্স প্রসিডিং গ্রন্থ
ভাষা:ইতালিয়
প্রকাশিত: Verona : Cierre, [1991]
মালা:Quaderni della Società letteraria ; Società letteraria 3
ট্যাগগুলো: ট্যাগ যুক্ত করুন
কোনো ট্যাগ নেই, প্রথমজন হিসাবে ট্যাগ করুন!

MARC

LEADER 00000nam a22000007i 4500
001 IT\ICCU\PAL\0073648
003 ItRI
005 20260115232348.0
008 930408s1991 it |||||| ||||| |||||c
040 |b ita  |c importazione bologna sebina 
041 7 |a ita  |2 ISO-639-2 
082 |a 843.91  |9 NARRATIVA FRANCESE, 1900-1999  |2 21 
111 2 |a Giornata internazionale di studi sul teatro di Marguerite Yourcenar :  |d  (1990 :  |c Verona)  |0 IT\ICCU\PALV\037547 
245 0 3 |a Il mitico palcoscenico :  |b atti della Giornata internazionale di studi sul teatro di Marguerite Yourcenar : Verona, 29 aprile 1990 /  |c a cura di Loredana Primozich. 
260 |a Verona :  |b Cierre,  |c [1991] 
300 |a 91 p. ;  |c 30 cm 
700 1 |a Yourcenar, Marguerite  |0 IT\ICCU\CFIV\000432 
700 1 |a Primozich, Loredana  |0 IT\ICCU\PALV\037549 
790 1 |a Crayencour, Marguerite : de  |3 IT\ICCU\CFIV\000914  |z Yourcenar, Marguerite 
790 1 |a Yourcenar, Marg  |3 IT\ICCU\SBNV\119970  |z Yourcenar, Marguerite 
830 0 |a Quaderni della Società letteraria ;  |v 3  |a Società letteraria  |0 IT\ICCU\PAL\0082912 
942 |2 ddc  |c BK  |n 0 
952 |0 0  |1 0  |4 0  |6 L_792_092000000000000_PRI  |7 0  |9 24823  |a BO  |b BO  |d 2026-01-15  |i 3769  |l 0  |o L 792.092 PRI  |p BO3769  |r 2026-01-15 23:23:48  |w 2026-01-15  |x [Sebina 7] [1 v.]  |y BK  |z 1 v. 
999 |c 21098  |d 21098